| 000 | 00639nam a2200193 a 4500 | ||
|---|---|---|---|
| 001 | 000015945 | ||
| 005 | 20200929164219.0 | ||
| 008 | 100222s1999 dr 000 0 spa d | ||
| 040 | _aDO-SdBNP | ||
| 082 |
_axxx _bB642m |
||
| 100 | 1 |
_aBlandino, Pedro D. _935835 |
|
| 245 | 1 | 0 |
_aManual de extradición / _cPedro D. Blandino ; notas y preliminares Fernando Amiama. |
| 260 |
_aSanto Domingo : _bCentenario, _c1999. |
||
| 300 |
_a212 p. ; _c22 cm. |
||
| 500 | _aIncluye datos biográficos del autor en la contracubierta | ||
| 504 | _aIncluye referencias bibliográficas ( p. 207-212) | ||
| 700 | 1 |
_aAmiama, Fernando _935836 |
|
| 049 | _aBNPD | ||
| 999 |
_c15487 _d15487 |
||